[Event "5th Open"]
[Site "Izmir TUR"]
[Date "2006.09.11"]
[Round "2"]
[White "Bilyap,E"]
[Black "Bojkov,D"]
[Result "0-1"]
[WhiteElo "2149"]
[BlackElo "2445"]

1.d4 Nf6 2.Nf3 g6 3.g3 Bg7 4.Bg2 O-O 5.c4 d6 6.O-O Nbd7 7.Nc3 e5 8.e4 c6
9.h3 exd4 10.Nxd4 Re8 11.Be3 Nc5 12.Qc2 Qe7 13.f3 Nh5 14.Nde2 f5 15.g4 fxg4
16.hxg4 Nf6 17.Rad1 Nfd7 18.Qd2 Bf8 19.b3 Ne5 20.Bg5 Qf7 21.Qe3 a5 22.Rd2 a4
23.Nc1 axb3 24.axb3 Ra3 25.Ra2 Rxa2 26.N3xa2 Ne6 27.Bh4 d5 28.Nd3 Nxd3 29.Qxd3 Nf4
30.Qc2 Nxg2 31.Kxg2 dxe4 32.fxe4 Qe6 33.Qe2 Qxe4+ 34.Qxe4 Rxe4  0-1

[Event "5th Open"]
[Site "Izmir TUR"]
[Date "2006.09.13"]
[Round "4"]
[White "Gaprindashvili,V"]
[Black "Mihajlovskij,S"]
[Result "1-0"]
[WhiteElo "2484"]
[BlackElo "2429"]

1.d4 Nf6 2.c4 g6 3.Nf3 Bg7 4.g3 O-O 5.Bg2 d6 6.O-O Bg4 7.Nc3 Nc6 8.d5 Nb8
9.h3 Bxf3 10.exf3 c6 11.f4 Nbd7 12.Be3 cxd5 13.Nxd5 Nxd5 14.Qxd5 Qc7 15.Rab1 Rfb8
16.b3 a5 17.a4 Nc5 18.h4 e6 19.Qf3 h5 20.Rfd1 Ra6 21.g4 hxg4 22.Qxg4 Nd7
23.Bf3 Nf6 24.Qg5 d5 25.cxd5 Nxd5 26.Bxd5 exd5 27.Rbc1 Qd7 28.Rxd5 Qe6 29.Rcd1 Re8
30.Qg2 Rc6 31.h5 Rc3 32.f5 Qe4 33.fxg6 fxg6 34.hxg6 Qxg2+ 35.Kxg2 Re6 36.Rd8+ Bf8
37.Rxf8+ Kxf8 38.g7+ Kf7 39.Rd7+  1-0

[Event "5th Open"]
[Site "Izmir TUR"]
[Date "2006.09.14"]
[Round "5"]
[White "Khotenashvili,B"]
[Black "Umudova,N"]
[Result "1-0"]
[WhiteElo "2329"]
[BlackElo "2202"]

1.Nf3 Nf6 2.c4 g6 3.g3 Bg7 4.Bg2 d6 5.d4 O-O 6.O-O Nbd7 7.Nc3 e5 8.h3 Re8
9.e4 exd4 10.Nxd4 Nc5 11.Re1 c6 12.Bf4 Nh5 13.Be3 a5 14.Qc2 Bd7 15.Rad1 Qc7
16.b3 Nf6 17.f4 h5 18.a3 Nh7 19.b4 axb4 20.axb4 Ne6 21.Nb3 h4 22.gxh4 Ra3
23.Kh1 Nf6 24.Bc1 Raa8 25.f5 Nf8 26.Bf4 Qc8 27.Bxd6 gxf5 28.e5 Nh5 29.Nc5 Be6
30.Ne2 Ng6 31.Bf3 Nhf4 32.h5 Nh4 33.Nxf4 Nxf3 34.Re3 Nh4 35.Qf2 Qd8 36.Nxb7 Qg5
37.Rg1 Qh6 38.Qxh4 Kh7 39.Reg3 Bh8 40.Nxe6 Rxe6 41.Nd8  1-0

[Event "EU-chB16"]
[Site "Herceg Novi MNE"]
[Date "2006.09.16"]
[Round "6"]
[White "Baryshpolets,A"]
[Black "Sartena,A"]
[Result "1-0"]
[WhiteElo "2251"]
[BlackElo "2121"]

1.Nf3 Nf6 2.c4 g6 3.d4 Bg7 4.g3 O-O 5.Bg2 d6 6.Nc3 Nc6 7.O-O Bf5 8.d5 Na5
9.Nd2 c5 10.e4 Bg4 11.f3 Bd7 12.Qc2 a6 13.b3 b5 14.Bb2 Rb8 15.Rab1 Qc8 16.Nd1 bxc4
17.bxc4 Bh6 18.f4 Nh5 19.Qc3 Rxb2 20.Qxb2 Bg7 21.Qb6 Bd4+ 22.Kh1 Ba4 23.Qxa5 Nxg3+
24.hxg3 Qg4 25.Nf2 Qxg3 26.Qxa4 Bxf2 27.Nf3 f5 28.Qc2 Be3 29.Qe2 Qxf4 30.Rb3 Qh6+
31.Nh2 Bd4 32.exf5  1-0

[Event "ProMoPro Open"]
[Site "Prague CZE"]
[Date "2006.09.16"]
[Round "8"]
[White "Kubikova,H"]
[Black "Bernasek,V"]
[Result "1-0"]
[WhiteElo "2162"]
[BlackElo "2128"]

1.d4 Nf6 2.Nf3 g6 3.c4 Bg7 4.g3 O-O 5.Bg2 d6 6.O-O Nc6 7.Nc3 a6 8.e4 e5 9.dxe5 dxe5
10.Qxd8 Nxd8 11.Be3 Ne6 12.h3 Nd7 13.Rad1 a5 14.Nd5 Kh8 15.Ng5 Nxg5 16.Nxc7 Rb8
17.Bxg5 Nf6 18.b3 h6 19.Be3 Bd7 20.Bc5 Rg8 21.Bd6 Bc6 22.Nd5 Rbe8 23.Ne7 Nxe4
24.Nxg8 Kxg8 25.Bc7 a4 26.b4 f5 27.b5 Rc8 28.bxc6 Rxc7 29.cxb7 Rxb7 30.Bxe4 fxe4
31.Rd8+ Kh7 32.Ra8 Rb4 33.Rc1 h5 34.c5 Bh6 35.Ra7+ Kg8 36.Rd1 Rb8 37.c6 e3
38.c7  1-0

[Event "TCh-FIN 2006-7"]
[Site "Helsinki FIN"]
[Date "2006.09.17"]
[Round "2"]
[White "Solozhenkin,E"]
[Black "Nouro,M"]
[Result "1-0"]
[WhiteElo "2508"]
[BlackElo "2367"]

1.d4 Nf6 2.c4 d6 3.Nf3 g6 4.g3 Bg7 5.Bg2 O-O 6.O-O c6 7.Nc3 Bf5 8.Ne1 Qc8
9.e4 Bh3 10.f4 Bxg2 11.Kxg2 e5 12.dxe5 dxe5 13.f5 b5 14.cxb5 gxf5 15.Qe2 Nxe4
16.Nxe4 fxe4 17.Qxe4 Qe6 18.Nf3 f5 19.Ng5 Qd5 20.Qxd5+ cxd5 21.Ne6 Rf7 22.Bg5 Nd7
23.Nc7 Rb8 24.Nxd5 Rxb5 25.Ne7+ Kf8 26.Nxf5 Rxb2+ 27.Kh3 Rb6 28.Rac1 Nf6
29.Rc8+ Ne8 30.Be3 Ra6 31.Bc5+  1-0

[Event "2nd Geller Mem Open-A"]
[Site "Odessa UKR"]
[Date "2006.09.19"]
[Round "1"]
[White "Podgaets,M"]
[Black "Yusupov,M"]
[Result "1/2-1/2"]
[WhiteElo "2472"]
[BlackElo "2153"]

1.d4 g6 2.c4 Bg7 3.g3 Nf6 4.Bg2 O-O 5.Nf3 d6 6.O-O Nc6 7.Nc3 e5 8.d5 Ne7
9.e4 Nd7 10.Ne1 f5 11.Nd3 h6 12.Bd2 fxe4 13.Nxe4 Nf5 14.Rc1 b6 15.b4 Nf6
16.f4 exf4 17.Nxf4 Nxe4 18.Bxe4 Bd4+ 19.Kh1 Ne3 20.Bxe3 Bxe3 21.Rc3 Bxf4
22.gxf4 Bf5 23.Bxf5 Rxf5 24.Re3 Qh4 25.Rg1 Kf7 26.Qa4 Rd8 27.Qc6 Kg7 28.Re6 Qxf4
29.Qxc7+ Kh8 30.Qxd8+ Rf8 31.Qxf8+ Qxf8 32.Rexg6 Qf3+ 33.R6g2 Qe4 34.Rf1 Qxc4  1/2-1/2

[Event "1st TCH-MNE"]
[Site "Herceg Novi MNE"]
[Date "2006.09.22"]
[Round "1"]
[White "Djukic,B"]
[Black "Cetkovic,Mi"]
[Result "1-0"]
[WhiteElo "2290"]
[BlackElo "2260"]

1.Nf3 Nf6 2.c4 g6 3.g3 Bg7 4.Bg2 d6 5.d4 O-O 6.O-O Nc6 7.Nc3 Bg4 8.d5 Na5
9.Qd3 c5 10.h3 Bd7 11.e4 a6 12.Re1 b5 13.Nd2 Rb8 14.Kh2 Qc7 15.Bf1 Nh5 16.Rb1 Bd4
17.Nd1 e5 18.Qc2 f5 19.cxb5 axb5 20.b4 Nb7 21.bxc5 Nxc5 22.Nb3 fxe4 23.Be3 Bxe3
24.Rxe3 Rfc8 25.Rc1 Nf6 26.Nxc5 Qxc5 27.Qxc5 Rxc5 28.Rxc5 dxc5 29.Nc3 c4
30.d6 Kg7 31.g4 g5 32.Nxe4 Nxe4 33.Rxe4 Kf6 34.a4 Bc6 35.Re1 Ke6 36.axb5 Bxb5
37.Rb1 Kd5 38.d7 Kc5 39.Bxc4 Kxc4 40.Rc1+ Kd5 41.Rc8 Bxd7 42.Rxb8 Ba4 43.Rg8 Bc2
44.Rxg5 Ke6 45.Rg7  1-0

[Event "15th TCh-CRO"]
[Site "Sibenik CRO"]
[Date "2006.09.22"]
[Round "1"]
[White "Lalic,B"]
[Black "Tratar,M"]
[Result "1/2-1/2"]
[WhiteElo "2488"]
[BlackElo "2503"]

1.d4 d6 2.Nf3 Nf6 3.c4 g6 4.g3 Bg7 5.Bg2 O-O 6.O-O c6 7.Nc3 Bf5 8.b3 Ne4
9.Bb2 Nxc3 10.Bxc3 Be4 11.Qd2 Nd7 12.Qe3 d5 13.Bh3 Bxf3 14.Qxf3 e6 15.e4 dxe4
16.Qxe4 a5 17.Qc2 Nb6  1/2-1/2

[Event "15th TCh-CRO"]
[Site "Sibenik CRO"]
[Date "2006.09.23"]
[Round "2"]
[White "Dizdar,G"]
[Black "Muse,M"]
[Result "1/2-1/2"]
[WhiteElo "2521"]
[BlackElo "2443"]

1.d4 Nf6 2.Nf3 g6 3.c4 Bg7 4.g3 O-O 5.Bg2 d6 6.O-O Nbd7 7.Nc3 e5 8.h3 a6
9.e4 b5 10.dxe5 Nxe5 11.Nxe5 dxe5 12.cxb5 axb5 13.Qc2 c6 14.Be3 Be6 15.a4 Qc8
16.Kh2 Bc4 17.Rfc1 Qe6 18.Nb1 Bb3 19.Qxc6 bxa4 20.Nd2 Qxc6 21.Rxc6 Be6 22.Rb6 Nd7
23.Rb4 Rfb8 24.Rbxa4 Rxa4 25.Rxa4 Rxb2 26.Nc4 Rb8 27.h4 Bf8 28.Bh3 f5 29.Nd2  1/2-1/2

[Event "Vojvodina Quality League m"]
[Site "Sremska Mitrovica SRB"]
[Date "2006.09.23"]
[Round "3"]
[White "Kizov,A"]
[Black "Sevo,D"]
[Result "1/2-1/2"]
[WhiteElo "2410"]
[BlackElo "2279"]

1.d4 g6 2.c4 Bg7 3.Nf3 d6 4.g3 Nf6 5.Bg2 O-O 6.O-O Nc6 7.Nc3 a6 8.b3 Rb8
9.Nd5 Bg4 10.Bb2 Nd7 11.Qd2 e6 12.Ne3 Bxf3 13.Bxf3 Qf6 14.Rfd1 Qe7 15.d5 Nd8
16.Bxg7 Kxg7 17.dxe6 fxe6 18.Ng4 Nf7 19.Bg2 c6 20.b4 h5 21.Ne3 Qf6 22.Rf1 Rbe8
23.Rab1 Re7 24.a4 Rc8 25.Rfc1 Rf8 26.Qb2 Qxb2 27.Rxb2 Rc8 28.a5 Kf6 29.Nd1 Rc7
30.Nc3 Re8 31.Rd2 Ke7 32.f4 Rb8 33.Ne4 c5  1/2-1/2

[Event "Tatry Open"]
[Site "Tatranske Zruby SVK"]
[Date "2006.09.23"]
[Round "1"]
[White "Volodin,V"]
[Black "Blaha,B"]
[Result "1/2-1/2"]
[WhiteElo "2257"]
[BlackElo "1981"]

1.Nf3 Nf6 2.c4 g6 3.d4 d6 4.g3 Bg7 5.Bg2 O-O 6.O-O Nbd7 7.Nc3 e5 8.h3 Re8
9.e4 c6 10.Re1 exd4 11.Nxd4 Nc5 12.Bf4 Nh5 13.Be3 Ne6 14.Rc1 Nxd4 15.Bxd4 Be6
16.b3 Bxd4 17.Qxd4 Qb6 18.Red1 Rad8 19.Rc2 Qxd4 20.Rxd4 Rd7 21.Kh2 Red8 22.Rcd2 Ng7
23.f4 f5 24.R4d3 Ne8 25.Re3 Nf6 26.Rde2 fxe4 27.Bxe4 Bf7 28.Bf3 d5 29.cxd5 Nxd5
30.Nxd5 Bxd5 31.Bg4 Rf7 32.Rd2 Rdf8 33.Re5 Kg7 34.h4 a5 35.Be6 Bxe6 36.Rxe6 Rc7
37.Kg2 b5 38.Kf2 Kf7 39.Rdd6 Rfc8 40.h5 c5 41.Rf6+ Ke7 42.Rde6+ Kd7 43.Re5 c4
44.bxc4 bxc4 45.Rf7+ Kd6 46.Rf6+ Kd7 47.Rf7+ Kd6 48.Rxc7 Rxc7 49.Ke2 gxh5
50.Rxh5 Rg7 51.Rh3 Kd5 52.Ke3 Re7+ 53.Kd2 Kd4 54.f5 c3+ 55.Kd1 Re3 56.Rxh7 Rxg3
57.Rd7+ Ke5  1/2-1/2

[Event "2nd Geller Mem Open-A"]
[Site "Odessa UKR"]
[Date "2006.09.24"]
[Round "7"]
[White "Drozdovskij,Y"]
[Black "Golubev,M"]
[Result "1/2-1/2"]
[WhiteElo "2552"]
[BlackElo "2467"]

1.d4 Nf6 2.Nf3 d6 3.c4 g6 4.g3 Bg7 5.Bg2 O-O 6.O-O Nbd7 7.Qc2 e5 8.Rd1 Re8
9.Nc3 c6 10.b3 Qe7 11.e4 exd4 12.Nxd4 Nc5 13.f3 Nfd7 14.Bb2 a5 15.Nce2 Ne5
16.Bc3 h5 17.h3 a4 18.Rab1 axb3 19.axb3 g5 20.g4 hxg4 21.hxg4 Nxg4 22.fxg4 Nxe4
23.Bb2 Bxg4 24.Bxe4 Qxe4 25.Qxe4 Rxe4 26.Ng3 Re5 27.Rf1 Ra2 28.Rf2 c5 29.Nc2 Rxb2
30.Rxb2 f5 31.Ra2 f4 32.Nf1 Bf5 33.Nh2 Re8 34.Rg2 Bf6 35.Ng4 Bg7 36.Nf2 Re2
37.Nh3 f3 38.Ra8+ Kh7 39.Nxg5+ Kg6 40.Nxf3+ Rxg2+ 41.Kxg2 Bxc2 42.Nd2 Bc3
43.Rd8 Bxd2 44.Rxd6+ Kf5 45.Rxd2 Bxb3 46.Rd5+ Ke4 47.Rxc5 Kd4 48.Rb5  1/2-1/2

[Event "15th TCh-CRO"]
[Site "Sibenik CRO"]
[Date "2006.09.24"]
[Round "3"]
[White "Mihaljcisin,M"]
[Black "Nevednichy,V"]
[Result "1/2-1/2"]
[WhiteElo "2280"]
[BlackElo "2576"]

1.d4 Nf6 2.Nf3 g6 3.c4 Bg7 4.g3 d6 5.Bg2 O-O 6.O-O Nc6 7.Nc3 Bd7 8.e4 Bg4
9.Be3 Re8 10.h3 Bxf3 11.Bxf3 e5 12.d5 Nd4 13.Bg2 c5 14.dxc6 bxc6 15.b4 Qc7
16.Qa4 a5 17.b5 Nd7 18.Rfc1 Nc5 19.Qd1 Rab8 20.Rab1 a4  1/2-1/2

[Event "1st TCH-MNE"]
[Site "Herceg Novi MNE"]
[Date "2006.09.25"]
[Round "4"]
[White "Drasko,M"]
[Black "Rmus,A"]
[Result "1-0"]
[WhiteElo "2521"]
[BlackElo "2394"]

1.d4 Nf6 2.c4 g6 3.Nf3 Bg7 4.g3 d6 5.Bg2 O-O 6.O-O Nbd7 7.Qc2 Re8 8.Rd1 e5
9.e4 exd4 10.Nxd4 Nc5 11.Nc3 Bg4 12.f3 Bd7 13.Be3 Qc8 14.b4 Ne6 15.Nb3 h5
16.Rac1 h4 17.Nd5 hxg3 18.hxg3 c6 19.Nf4 Bh6 20.Qd2 Nxf4 21.Bxf4 Bxf4 22.Qxf4 Re6
23.Rxd6 Nh5 24.Qd2 Rxd6 25.Qxd6 Be6 26.Nc5 Qd8 27.Qxd8+ Rxd8 28.Nxb7 Rb8
29.Na5 Rxb4 30.Nxc6 Ra4 31.g4 Nf4 32.Bf1 Rxa2 33.Nb4 g5 34.Nxa2  1-0

[Event "1st TCH-MNE"]
[Site "Herceg Novi MNE"]
[Date "2006.09.27"]
[Round "6"]
[White "Drasko,M"]
[Black "Todorovic,J"]
[Result "1/2-1/2"]
[WhiteElo "2521"]
[BlackElo "2363"]

1.d4 Nf6 2.c4 g6 3.Nf3 Bg7 4.g3 O-O 5.Bg2 d6 6.O-O Nbd7 7.Qc2 e5 8.Rd1 Qe7
9.Nc3 c6 10.b3 exd4 11.Nxd4 Re8 12.e4 Nc5 13.f3 Nfd7 14.Nce2 Ne5 15.Rb1 h5
16.h3 a5 17.Bb2 a4 18.b4 a3 19.Ba1 Na4  1/2-1/2

[Event "Tatry Open"]
[Site "Tatranske Zruby SVK"]
[Date "2006.09.28"]
[Round "7"]
[White "Volodin,V"]
[Black "Musil,Vi"]
[Result "1-0"]
[WhiteElo "2257"]
[BlackElo "2129"]

1.Nf3 Nf6 2.c4 g6 3.d4 Bg7 4.g3 O-O 5.Bg2 d6 6.O-O Nbd7 7.Nc3 e5 8.h3 c6
9.e4 Qb6 10.Re1 exd4 11.Nxd4 Ne5 12.b3 Nfd7 13.Be3 Nc5 14.Qc2 Ned3 15.Red1 Nb4
16.Qb1 Qc7 17.a3 Nba6 18.b4 Ne6 19.Nde2 Qe7 20.Qd3 Rd8 21.Rac1 Bf8 22.f4 Ng7
23.Kh2 Be6 24.Nd4 Re8 25.Re1 c5 26.Nc2 f5 27.Bf2 Qf7 28.Nd5 Bxd5 29.cxd5 fxe4
30.Bxe4 Rac8 31.Qb5 Nh5 32.Bg2 Rxe1 33.Rxe1 cxb4 34.Nxb4 Nc5 35.Nd3 a6 36.Qb1 Nxd3
37.Qxd3 Bg7 38.Re6 Bf8 39.Qe2 Ng7 40.Re3 Nf5 41.Rb3 b5 42.Qd2 Rc4 43.Rc3 Qc7
44.Rd3 Rc2 45.Qe1 Qc4 46.Rd2 Rxd2 47.Qxd2 Qb3 48.g4 Ng7 49.Qa5 h5 50.Qxa6 Qc4
51.Bg3 Be7 52.Qa7 Qe2 53.Qf2 Qd3 54.Qf3 Qc4 55.Qe4 Kf7 56.Qxc4 bxc4 57.a4 c3
58.Be4 hxg4 59.hxg4 Bd8 60.Kg2 Ba5 61.Kf3 Ne8 62.g5 Nc7 63.Ke2 Na6 64.f5 gxf5
65.Bxf5 Nc5 66.Bc2  1-0

[Event "1st TCH-MNE"]
[Site "Herceg Novi MNE"]
[Date "2006.09.29"]
[Round "8"]
[White "Stanojevic,B"]
[Black "Chadaev,N"]
[Result "0-1"]
[WhiteElo "2334"]
[BlackElo "2459"]

1.d4 Nf6 2.Nf3 g6 3.g3 Bg7 4.Bg2 O-O 5.c4 d6 6.Nc3 Nc6 7.O-O Bd7 8.h3 Qc8
9.Kh2 Re8 10.e4 e5 11.Be3 exd4 12.Nxd4 a6 13.Re1 Ne5 14.b3 c5 15.Nde2 Qc7
16.Bg5 Bc6 17.Rc1 h6 18.Bxf6 Bxf6 19.Nf4 Bg7 20.Rc2 Rad8 21.Ncd5 Qa5 22.Qd2 Qxd2
23.Rxd2 b5 24.Ne3 Rd7 25.Red1 Red8 26.Ne2 bxc4 27.Nxc4 Nxc4 28.bxc4 Kf8 29.Rb1 Rb7
30.Rdd1 a5 31.Rxb7 Bxb7 32.Bf1 Bxe4 33.Nf4 Bd4 34.Bg2 Bf5 35.Kg1 Re8 36.Kf1 Be5
37.Ne2 Be6 38.f4 Bg7 39.Rxd6 Bxc4 40.Bf3 Bd4  0-1

[Event "Greek Teams Cup 3rd-4th"]
[Site "Athens GRE"]
[Date "2006.10.01"]
[Round "2.1"]
[White "Mastrovasilis,A"]
[Black "Markidis,K"]
[Result "1/2-1/2"]
[WhiteElo "2521"]
[BlackElo "2370"]

1.d4 Nf6 2.Nf3 g6 3.g3 Bg7 4.Bg2 O-O 5.c4 d6 6.Nc3 Nbd7 7.O-O e5 8.e4 exd4
9.Nxd4 Re8 10.h3 Nc5 11.Re1 h6 12.Nb3 Ne6 13.e5 dxe5 14.Rxe5 Qxd1+ 15.Nxd1 Nd7
16.Re2 a5 17.a4 Rd8 18.Be3 Bf8 19.Nc3 Ndc5 20.Nxc5 Nxc5 21.Ne4 Nb3  1/2-1/2

[Event "15th TCh-CRO"]
[Site "Sibenik CRO"]
[Date "2006.10.01"]
[Round "10"]
[White "Lalic,B"]
[Black "Ljubicic,F"]
[Result "1/2-1/2"]
[WhiteElo "2488"]
[BlackElo "2417"]

1.d4 Nf6 2.c4 g6 3.Nf3 Bg7 4.g3 d6 5.Bg2 O-O 6.O-O Nbd7 7.Nc3 e5 8.e4 c6
9.Be3 Ng4 10.Bg5 Qb6 11.h3 exd4  1/2-1/2

[Event "7th Veselin Boskovic Mem Op"]
[Site "Beograd SRB"]
[Date "2006.10.02"]
[Round "1"]
[White "Zivkovic,Drago"]
[Black "Arsovic,G"]
[Result "0-1"]
[WhiteElo "2094"]
[BlackElo "2470"]

1.d4 Nf6 2.c4 g6 3.Nf3 Bg7 4.g3 O-O 5.Bg2 d6 6.O-O c6 7.Nc3 Qb6 8.Qb3 Qa6
9.e4 Nbd7 10.Re1 e5 11.Bf1 exd4 12.Nxd4 Nc5 13.Qd1 Qb6 14.h3 Re8 15.Bg2 Nfd7
16.Nf3 Ne5 17.Nxe5 dxe5 18.b3 Rd8 19.Qe2 Ne6 20.Be3 Nd4 21.Qb2 Be6 22.Na4 Qa5
23.Nc3 Qb4 24.Rab1 a6 25.Kh2 b5 26.cxb5 axb5 27.Red1 Rd7 28.Rd2 h5 29.Rbd1 Qe7
30.Ne2 c5 31.Nc3 Rb8 32.Qb1 Kh7 33.Qc1 Rc8 34.Qb2 h4 35.g4 Bh6 36.Bxh6 Kxh6
37.Rd3 Qg5 38.Qd2 Rcd8 39.Nd5 Bxd5 40.exd5 Qxd2 41.R1xd2 f5 42.Rc3 e4 43.Rxc5 Rxd5
44.Rxd5 Rxd5 45.Rd1 Kg5 46.a4 bxa4 47.bxa4 Kf4 48.a5 Ke5 49.a6 Ra5 50.Bf1 f4
51.Bc4 Ra4 52.Rc1 e3 53.fxe3 fxe3 54.Kg2 Ke4 55.Kf1 Kf3 56.Ke1  0-1

[Event "Corporacion del Sur B"]
[Site "Buenos Aires ARG"]
[Date "2006.10.04"]
[Round "3"]
[White "Lemos,D"]
[Black "Disconzi da Silva,R"]
[Result "1-0"]
[WhiteElo "2371"]
[BlackElo "2392"]

1.d4 Nf6 2.c4 d6 3.Nf3 g6 4.g3 Bg7 5.Bg2 O-O 6.Nc3 Nc6 7.O-O Bf5 8.Ne1 Qc8
9.e4 Bh3 10.Nc2 Bxg2 11.Kxg2 a6 12.f3 Rb8 13.Be3 e6 14.a4 a5 15.Qd2 Ra8 16.b3 Ne7
17.Rac1 Qd7 18.d5 Rfc8 19.Rfd1 Qe8 20.Nd4 e5 21.Nde2 b6 22.g4 Qd7 23.Ng3 Rf8
24.Rg1 Kh8 25.Kh1 Nfg8 26.Rcf1 f6 27.Nb5 Rf7 28.f4 Bh6 29.f5 Bxe3 30.Qxe3 g5
31.Nh5 Nh6 32.h4 Rg8 33.Nxf6 Rxf6 34.hxg5 Nxg4 35.Rxg4 Qe8 36.Qh3 Rf7 37.Nxc7  1-0

[Event "56th TCh-BUL"]
[Site "Sunny Beach BUL"]
[Date "2006.10.05"]
[Round "1"]
[White "Kuzmanov,S"]
[Black "Mollov,E"]
[Result "1-0"]
[WhiteElo "2219"]
[BlackElo "2408"]

1.Nf3 Nf6 2.c4 d6 3.d4 g6 4.g3 Bg7 5.Bg2 O-O 6.O-O Nc6 7.Nc3 Rb8 8.h3 a6
9.e4 b5 10.cxb5 axb5 11.Re1 b4 12.Nd5 Nd7 13.Bg5 h6 14.Be3 e6 15.Nf4 Ne7
16.Nd3 Bb7 17.Nd2 Ba6 18.Nb3 e5 19.dxe5 Nxe5 20.Nxe5 Bxe5 21.Bxh6 Bxb2 22.Bxf8 Qxf8
23.Rb1 Bc3 24.Re3 Qg7 25.Bf1 Bc8 26.Bc4 Ra8 27.Rf3 Be6 28.Bxe6 fxe6 29.Qe2 Nc6
30.Qb5 Ne5 31.Re3 c6 32.Qe2 Qa7 33.a4 c5 34.f4 c4 35.fxe5 cxb3 36.Kh1 dxe5
37.Rf3 Qa6 38.Qe3 Qb7 39.Rf6 Kg7 40.Rbf1 b2 41.Qf3 Ra7 42.Qg4 Kh8 43.Qxg6 Qg7
44.Rf8+  1-0

[Event "Goodbye Summer Open"]
[Site "Omis CRO"]
[Date "2006.10.06"]
[Round "4"]
[White "Bajramovic,H"]
[Black "Armanda,I"]
[Result "1-0"]
[WhiteElo "2224"]
[BlackElo "2342"]

1.d4 Nf6 2.c4 g6 3.g3 Bg7 4.Bg2 O-O 5.Nf3 d6 6.O-O Nc6 7.b3 e5 8.dxe5 dxe5
9.Bb2 e4 10.Ng5 Bf5 11.Nc3 Re8 12.Qc1 h6 13.Nh3 g5 14.Kh1 Ne5 15.Ng1 c6 16.Qc2 Ng6
17.h3 h5 18.Rad1 Qe7 19.Qc1 Nh7 20.Qe3 g4 21.Na4 Bxb2 22.Nxb2 Ng5 23.Kh2 h4
24.c5 gxh3 25.Nxh3 Bxh3 26.Bxh3 hxg3+ 27.fxg3 Nxh3 28.Kxh3 Qe6+ 29.g4 Rad8
30.Rf5 Rxd1 31.Nxd1 Qe7 32.Nf2 Qh4+ 33.Kg2 Qe7 34.Rh5 Qf6 35.Kg3 Qe7 36.Nh3 Qc7+
37.Kg2 Re5 38.b4 Rxh5 39.gxh5 Nh4+ 40.Kg1 Qe5 41.Qg5+ Qxg5+ 42.Nxg5 e3 43.Ne4 Nf5
44.Nd6 Nd4 45.Kf1 Nc2 46.a3 b6 47.b5 Nd4 48.bxc6 Nxc6 49.cxb6 axb6 50.Nc4 b5
51.Nxe3 b4 52.axb4 Nxb4 53.Nf5 Nd5 54.Kf2 Nf6 55.Ng3 Kh7 56.Kf3 Ng8 57.Kf4 Kg7
58.Nf5+ Kf6 59.e4 Ke6 60.Kg5 Ke5 61.Nh6 f6+ 62.Kg6 Ne7+ 63.Kf7 Nc8 64.Ng4+ Kf4
65.h6 Nd6+ 66.Kg6 Kxg4 67.h7 Nxe4 68.h8=Q Kf4 69.Qb8+ Kg4 70.Qc8+ Kf4 71.Qh3 Ke5
72.Qf3 Kd4 73.Kf5 Nd2 74.Qe2 Nc4 75.Kxf6 Ne3 76.Kg5 Nd5 77.Kf5 Nc3 78.Qd2+  1-0

[Event "Vasylyshyn Mem"]
[Site "Lviv UKR"]
[Date "2006.10.07"]
[Round "1"]
[White "Nester,I"]
[Black "Vovk,Y"]
[Result "0-1"]
[WhiteElo "2420"]
[BlackElo "2444"]

1.Nf3 Nf6 2.c4 g6 3.d4 Bg7 4.g3 O-O 5.Bg2 d6 6.Nc3 Nc6 7.O-O Bf5 8.b3 e5
9.dxe5 dxe5 10.Ba3 Re8 11.Qxd8 Raxd8 12.Nh4 Bc8 13.Bxc6 bxc6 14.Rfd1 g5 15.Ng2 Bf5
16.Ne3 Bg6 17.Bb4 g4 18.Ba5 Rc8 19.Na4 Bf8 20.Ng2 h5 21.Ne1 Ne4 22.Nd3 Ng5
23.Ndc5 f5 24.Rd7 f4 25.Rxc7 Rxc7 26.Bxc7 h4 27.Rd1 hxg3 28.hxg3 f3 29.exf3 gxf3
30.Rd8 Nh3+ 31.Kf1 Rxd8 32.Bxd8 Bb1 33.Bc7 e4 34.a3 Kf7 35.Be5 Kg6 36.Bd4 Kf5
37.Ke1 Bh6 38.Kd1 e3 39.Bxe3 Bxe3 40.fxe3 Kg4 41.Nc3 Bc2+ 42.Ke1 Kxg3 43.Kf1 Ng5
44.b4 Bg6 45.b5 cxb5 46.cxb5 f2 47.Nd1 Ne6 48.Ne4+ Bxe4 49.Nxf2 Kf3 50.Nxe4 Kxe4
51.a4 Kxe3 52.a5 Nd4 53.b6 a6  0-1

[Event "Muensterland Open"]
[Site "Senden GER"]
[Date "2006.10.11"]
[Round "6"]
[White "Krallmann,M"]
[Black "Haselhorst,H"]
[Result "1-0"]
[WhiteElo "2282"]
[BlackElo "2153"]

1.d4 Nf6 2.c4 g6 3.Nf3 Bg7 4.g3 O-O 5.Bg2 d6 6.O-O Nc6 7.d5 Na5 8.Nfd2 c5
9.Nc3 a6 10.Qc2 Rb8 11.b3 b5 12.Bb2 bxc4 13.bxc4 Bh6 14.f4 e5 15.dxe6 fxe6
16.e4 e5 17.Nd5 Nc6 18.Nb3 a5 19.fxe5 Nxe5 20.Bxe5 dxe5 21.Qc3 Nxd5 22.cxd5 Rxf1+
23.Bxf1 Qg5 24.Re1 Bg4 25.Qxa5 Bf3 26.Qc3 Rf8 27.Qxc5 Ra8 28.d6 Rd8 29.Bb5 Kh8
30.d7 Bf8 31.Qe3 Qh5 32.Rf1 Bg4 33.Qf2 Qh6 34.Qf6+  1-0

[Event "Vasylyshyn Mem"]
[Site "Lviv UKR"]
[Date "2006.10.16"]
[Round "14"]
[White "Maiorov,N"]
[Black "Vovk,Y"]
[Result "1/2-1/2"]
[WhiteElo "2481"]
[BlackElo "2444"]

1.d4 Nf6 2.c4 g6 3.Nf3 Bg7 4.g3 O-O 5.Bg2 d6 6.O-O Nc6 7.Nc3 a6 8.b3 Rb8
9.Nd5 Nh5 10.Bb2 e6 11.Ne3 Bd7 12.Qd2 Ne7 13.Nc2 f5 14.Nb4 h6 15.Nd3 Nf6
16.Qc2 g5 17.Rac1 Qe8 18.e3 Ng6 19.Rfe1 Ne4 20.Nd2 Nxd2 21.Qxd2 Qf7 22.f4 Bf6
23.Kh1 Qg7 24.Bf3 Kh7 25.Rg1 g4 26.Bg2 h5 27.Rge1 h4 28.Kg1 Rfd8 29.Qf2 b5
30.Ba1 bxc4 31.bxc4 h3 32.Bh1 Kg8 33.e4 fxe4 34.Bxe4 Ne7 35.Qe2 Bxd4+ 36.Bxd4 Qxd4+
37.Nf2 e5 38.Red1 Qc5 39.fxe5 Qxe5 40.Nxg4 Rb2 41.Nxe5 Rxe2 42.Nxd7 Rxd7
43.Bf3 Rxa2 44.Ra1 Rxa1 45.Rxa1 Ng6 46.Bg4 Rh7 47.Bf5 Rh6 48.Bxg6 Rxg6 49.Rxa6 c5
50.Kf2 Kf7 51.Kf3 Ke6 52.Ra1 Ke5 53.Rd1 Rf6+ 54.Ke3 Rh6 55.Rd5+ Ke6 56.g4 Rh8
57.Kf4 Ra8 58.Rd3 Ra4 59.Re3+ Kf7 60.Re4 Ra2 61.Kg3 Ra3+ 62.Kh4 Kf6 63.Rf4+ Kg6
64.g5 Rd3 65.Rf6+ Kg7 66.Re6 Kf7 67.Rf6+ Kg7 68.Kg4 d5 69.cxd5 Rxd5 70.Rc6 Re5
71.Kh5 Re2 72.Rc7+ Kf8 73.Rxc5 Rxh2 74.Rc3 Ra2  1/2-1/2

[Event "III Open"]
[Site "Calvia ESP"]
[Date "2006.10.24"]
[Round "5"]
[White "Barcelo,P"]
[Black "Betancourt,D"]
[Result "1/2-1/2"]
[WhiteElo "2261"]
[BlackElo "2250"]

1.Nf3 Nf6 2.c4 g6 3.g3 Bg7 4.Bg2 d6 5.d4 O-O 6.O-O Nc6 7.d5 Na5 8.Nbd2 c5
9.Qc2 e6 10.e4 exd5 11.cxd5 b5 12.Rb1 b4 13.b3 Re8 14.Bb2 Ba6 15.Rfe1 Nd7
16.Bxg7 Kxg7 17.Qb2+ Qf6 18.e5 Nxe5 19.Nxe5 dxe5 20.f4 exf4 21.Qxf6+ Kxf6
22.Ne4+ Kg7 23.Nxc5 Bb5 24.gxf4 Rac8 25.Rxe8 Rxe8 26.Rc1 Rd8 27.Kf2 Kf8 28.Bf3 Ke7
29.Re1+ Kd6 30.Ne4+ Kc7 31.Nf6 Kd6 32.Ne4+ Kc7 33.Nf6 Kd6 34.Nxh7 Nb7 35.Ng5 Rf8
36.Ne4+ Kd7 37.Rc1 f5 38.Nc5+ Nxc5 39.Rxc5 a6 40.Rc1 Rh8 41.Rh1 Rc8 42.Rg1 Rc2+
43.Ke3 Rc3+ 44.Kf2 Rc2+ 45.Ke3  1/2-1/2

[Event "14th Chigorin Mem"]
[Site "St-Petersburg RUS"]
[Date "2006.10.24"]
[Round "2"]
[White "Bocharov,D"]
[Black "Tihonov,J"]
[Result "1-0"]
[WhiteElo "2577"]
[BlackElo "2494"]

1.d4 Nf6 2.Nf3 g6 3.c4 Bg7 4.g3 O-O 5.Bg2 d6 6.O-O c6 7.Nc3 Bf5 8.Ne1 Na6
9.e4 Bg4 10.f3 Bd7 11.Be3 e5 12.Nc2 exd4 13.Bxd4 Be6 14.b3 Qa5 15.Ne2 Rad8
16.Kh1 Rfe8 17.Ne3 Bc8 18.Qc2 Qc7 19.Rad1 Nh5 20.g4 Bxd4 21.Rxd4 Ng7 22.f4 Ne6
23.Rd2 Qe7 24.Qc3 Ng7 25.f5 Nc5 26.Ng3 f6 27.b4 Na6 28.Ra1 Nc7 29.h3 b6 30.a3 Bb7
31.Rd3 c5 32.bxc5 bxc5 33.Kh2  1-0

[Event "14th Chigorin Mem B"]
[Site "St-Petersburg RUS"]
[Date "2006.10.26"]
[Round "5"]
[White "Harshkou,M"]
[Black "Kuznetsov,G"]
[Result "0-1"]
[WhiteElo "2034"]
[BlackElo "2131"]

1.d4 Nf6 2.Nf3 g6 3.g3 Bg7 4.Bg2 O-O 5.c4 d6 6.O-O Nbd7 7.Qc2 e5 8.Rd1 Qe7
9.dxe5 Nxe5 10.Nd4 a6 11.Bg5 h6 12.Bf4 Re8 13.e4 Bg4 14.f3 c5 15.Bxe5 Qxe5
16.Ne2 Nxe4 17.fxg4 Qxb2 18.Qd3 Nxg3 19.hxg3 Rxe2 20.Nd2 Qd4+ 21.Qxd4 Bxd4+
22.Kh1 Bxa1 23.Ne4 Be5 24.Nxd6 Rd8 25.Bf3 Re3 26.Nxb7 Rxd1+ 27.Bxd1  0-1

[Event "14th Chigorin Mem B"]
[Site "St-Petersburg RUS"]
[Date "2006.10.28"]
[Round "7"]
[White "Zakharov,Y"]
[Black "Kuznetsov,G"]
[Result "1-0"]
[WhiteElo "2017"]
[BlackElo "2131"]

1.Nf3 Nf6 2.g3 g6 3.c4 Bg7 4.d4 O-O 5.Bg2 d6 6.Nc3 Nc6 7.d5 Na5 8.Qd3 c5
9.O-O a6 10.e4 b5 11.cxb5 axb5 12.e5 Ng4 13.exd6 exd6 14.Nxb5 Bf5 15.Qd1 Qb6
16.a4 c4 17.h3 Ne5 18.Nxe5 Bxe5 19.Be3 Qb8 20.Ra2 Bd7 21.Bd4 Re8 22.Bxe5 Rxe5
23.Nc3 Qb4 24.Re1 Rae8 25.Rxe5 Rxe5 26.Kh2 Nb3 27.h4 Nc5 28.a5 Nd3 29.Qd2 Re8
30.a6 Ra8 31.Ne4 Qxd2 32.Nxd2 Nxf2 33.Nxc4 Ng4+ 34.Kg1 Bb5 35.Nxd6 Bxa6 36.b4 Bb7
37.Ra5 Rxa5 38.bxa5 Ba6 39.Ne8 Kf8 40.Nc7 Bc8 41.a6 Bxa6 42.Nxa6 Ke7 43.Bf3 Ne5
44.Kf2 f5 45.Ke3 Kd6 46.Bg2 h6 47.Kd4 g5 48.Nb4 f4 49.gxf4 gxf4 50.Ke4 h5
51.Kxf4 Nd7 52.Kg5 Kc5 53.Nd3+ Kd6 54.Nf4 Nb6 55.Kxh5 Ke5 56.Kg5 Nc8 57.h5 Nd6
58.Ng6+ Kd4 59.Kf6  1-0

[Event "14th Chigorin Mem B"]
[Site "St-Petersburg RUS"]
[Date "2006.10.29"]
[Round "8"]
[White "Astanovsky,K"]
[Black "Severiukhina,Z"]
[Result "0-1"]
[WhiteElo "2099"]
[BlackElo "2203"]

1.d4 Nf6 2.c4 g6 3.Nf3 Bg7 4.g3 O-O 5.Bg2 d6 6.O-O Nbd7 7.Nc3 e5 8.dxe5 dxe5
9.h3 c6 10.Be3 Qe7 11.Qb3 Re8 12.Rfd1 Nf8 13.a4 a5 14.Qa3 Qb4 15.Nd2 Ne6
16.Nde4 Nxe4 17.Nxe4 Nd4 18.Qxb4 axb4 19.Nd6 Re6 20.Bxd4 exd4 21.Nxc8 Rxc8
22.Bf1 d3 23.exd3 Bxb2 24.Rab1 Bc3 25.d4 Rd6 26.d5 cxd5 27.Rxd5 Rxd5 28.cxd5 Kf8
29.d6 Rd8 30.Rd1 b3 31.Bc4 b2 32.Ba2 Ke8 33.Rd3 Bf6 34.Rb3 Rxd6 35.Rxb7 Rd1+
36.Kg2 Ra1 37.Rb8+ Kd7  0-1